000 01392nas a2200349 4500
001 BR8300089
003 BR-BrBNA
005 20231205085358.0
007 ta
008 230509b bl.|||p| |||| 00| 00por d
040 _aBR-BrBNA
_bpor
_cBiblioteca Nacional de Agricultura
041 _a(Pt)
072 _aF25
100 1 _aHolanda, J.S. de
100 1 _aMielniczuk, J.
100 1 _aStammel, J.G.
245 1 _aUtilizacao de esterco e adubo mineral em quatro sequencias de culturas em solo de encosta basaltica do Rio Grande do Sul [alfafa, alho, aveia, ervilha, feijao, milho, tremoco, Medicago spp, Allium sativum, Avena sp, Phaseolus vulgaris, Zea mays, Pisum sativum, Lupinus sp]
246 1 _aUtilization of poultry manure and mineral fertilizers in smallholders of the state of Rio Grande do Sul [alfalfa, garlic, oat, pea, bean, corn, lupine, Medicago spp, Allium sativum, Avena sp, Phaseolus vulgaris, Zea mays, Pisum sativum, Lupinus sp]
650 _aESTERCO
650 _aFERTILIZANTE
650 _aALFAFA
650 _aALHO
650 _aAVEIA
650 _aFEIJAO
650 _aMILHO
650 _aTREMOCO
650 _aADUBACAO
650 _aRIO GRANDE DO SUL
773 0 _tRevista Brasileira de Ciencia do Solo (Brazil)
_xISSN 0100-0683
_g(Jan 1982), v. 6(1) p. 47-51
_wBR8300089
909 _a202311
_bLúcia
_c55
_dLúcia Elande
942 _2AGRIS
_n0
_cANA
999 _c111086
_d111086